[Event "CAN-ch U10"]
[Site "Vancouver"]
[Date "2012.07.04"]
[Round "5"]
[White "Cardinal, Anthony"]
[Black "Tang, Qiwen"]
[Result "0-1"]
[WhiteElo "240"]
[BlackElo "474"]
[PlyCount "54"]
[EventDate "2012.07.03"]
[EventType "swiss"]
[EventRounds "7"]
[EventCountry "CAN"]
[SourceTitle "EXT 2022"]
[Source "ChessBase"]
[SourceDate "2021.10.06"]
[SourceVersion "1"]
[SourceVersionDate "2021.10.06"]
[SourceQuality "1"]

1. e4 e5 2. Nf3 Nc6 3. Nc3 g6 4. d4 Bg7 5. Bc4 exd4 6. Nxd4 Nxd4 7. 0-0 Nf6 8. Bg5 0-0 9. Qxd4 Qe8 10. Rae1 Ng4 11. Qd5 c6 12. Qc5 b6 13. Qb4 c5 14. Qb3 Bb7 15. a4 Rc8 16. Bf4 Rc6 17. e5 Nxe5 18. Bxe5 Bxe5 19. Ne2 Rd6 20. c3 Rd2 21. Nc1 d6 22. Nd3 Qd7 23. Bb5 Qg4 24. g3 Qh3 25. Bc6 Bxc6 26. Qd5 Bxd5 27. f3 Qg2# 0-1